Napirenden a pénzügyi szak beindítása : Egerszegen ülésezett a Pénzügyi és Számviteli Főiskola Tanácsa

Bibliographic Details
Format: Article
Language:No linguistic content
Published: Zalai Hírlap Kiadói Bt. Zalaegerszeg, Magyarország 1974-03-28
Series:Zalai Hírlap 30. No. 73
Online Access:Dokumentum-elérés
LEADER 01256nab a2200313 i 4500
001 tort29
005 20220207113913.0
008 211127s1974 hu o 0|| zxx d
022 |a 0133-0500 
040 |a PEREPO TORTENET  |b hun 
041 |a zxx 
245 0 0 |a Napirenden  |h [elektronikus dokumentum] :  |b a pénzügyi szak beindítása : Egerszegen ülésezett a Pénzügyi és Számviteli Főiskola Tanácsa 
260 |a Zalai Hírlap Kiadói Bt.  |b Zalaegerszeg, Magyarország  |c 1974-03-28 
300 |a 5-5 
490 0 |a Zalai Hírlap  |v 30. No. 73 
695 |a Pénzügyi és Számviteli Főiskola Zalaegerszegi Intézete - PSZF ZI 
695 |a Főiskolai Tanács 
695 |a Tétényi Zoltán dr. 
695 |a Pénzügyminisztérium 
695 |a Művelődésügyi Minisztérium 
695 |a Tóth Lajos 
695 |a Megyei Pártbizottság 
695 |a Ódor József dr. 
695 |a Vitéz Hédi 
695 |a Polyák Károly dr. 
695 |a Koplár Lajos 
695 |a Kovács Lajos 
695 |a Tóth Lajos 
856 4 0 |u https://perepo-tortenet.uni-pannon.hu/id/eprint/29/1/1974-03-28_zalai_h%C3%ADrlap_Napirenden%20a%20p%C3%A9nz%C3%BCgyi%20szak%20beind%C3%ADt%C3%A1sa%20%2830.%20%C3%A9vf.%2073.%20sz.%2C%20p.%205.%29.pdf  |z Dokumentum-elérés